00603nam a2200169 4500001000700000003000900007005001700016007000300033008004100036100003500077245004800112250002000160260003800180300002000218505017500238852002000413113099ES-MaACL20250813063317.0t|061121s1924 it r ||||1| ita d1 aMussolini, Benito, d1883-194510aScritti e discorsi / cdi Benito Mussolini. aEd. definitiva. aMilano : bUlrico Hoepli, c1924. a2 v. ; c22 cm.8 aContiene: V. I. Dall'intervento al Fascismo (15 novembre 1914-22 marzo 1919). 1 lám. retr. aut. 282 p. V. II. Falta. V. III. Scritti e discorsi dal 1929 al 1921, 246 p. aES-MaACLjP-678